QUIZ STUDIO GHIBLI - Statistiques

Statistiques générales
  • Ce quiz a été pris 59 fois
  • Le résultat moyen est 8 sur 15
Statistiques - réponses
Indice Répondre % Correct
Dans quel film trouve-t-on le personnage de Chihiro ? le voyage de chihiro
98%
Quel film Ghibli a remporté l'Oscar du meilleur film d'animation en 2003 ? le voyage de chihiro
98%
Quel film Ghibli est largement inspiré du roman de Diana Wynne Jones, Howl's Moving Castle ? le chateau ambulant
88%
Quel est le nom de la créature qui aide Mei et Satsuki dans Mon Voisin Totoro ? totoro
86%
Dans quel film apparaît le personnage de Jiji, un chat noir ? kiki la petite sorciere
82%
Quel est le nom de la ville imaginaire qui apparaît dans Le Château dans le Ciel ? laputa
62%
Quel est le nom du dragon qui aide Chihiro dans Le Voyage de Chihiro ? haku
56%
En quelle année a été fondé Studio Ghibli? 1985
52%
Qui a composé la musique pour Le Voyage de Chihiro et de nombreux autres films Ghibli ? Joe Hisaishi
38%
Quel est le prénom du protagoniste dans Le Château dans le Ciel ? sheeta
34%
Dans Princesse Mononoké, quel est le nom de la déesse-louve qui protège Ashitaka ? moro
30%
Quel film a marqué les débuts de Studio Ghibli ? Nausicaä de la vallée du vent
26%
Dans quel film Ghibli entend-on la chanson The Path of the Wind ? mon voisin totoro
22%
Qui sont les deux fondateurs principaux de Studio Ghibli? Hayao Miyazaki et Isao Takahata
18%
Quel morceau est particulièrement connu dans Le Château Ambulant ? Le manège de la vie
4%
Aucun quiz correspondant
Distribution des résultats
% des personnes avec chaque résultat
Percentile par nombre de réponses
Votre historique - résultats
Vous n’avez pas pris ce quiz